<?xml version="1.0" encoding="UTF-8"?>
<record
    xmlns:xsi="http://www.w3.org/2001/XMLSchema-instance"
    xsi:schemaLocation="http://www.loc.gov/MARC21/slim http://www.loc.gov/standards/marcxml/schema/MARC21slim.xsd"
    xmlns="http://www.loc.gov/MARC21/slim">

  <leader>02216    a2200253   4500</leader>
  <controlfield tag="001">44276</controlfield>
  <controlfield tag="005">20260407155721.0</controlfield>
  <controlfield tag="008">260407a2017    arg                 spa d</controlfield>
  <controlfield tag="003">AR-UNSa-BCEJYS</controlfield>
  <datafield tag="040" ind1=" " ind2=" ">
    <subfield code="a">AR-UNSa-BCEJYS</subfield>
    <subfield code="b">spa</subfield>
    <subfield code="c">AR-UNSa-BCEJYS</subfield>
  </datafield>
  <datafield tag="080" ind1=" " ind2=" ">
    <subfield code="a">336.226.1</subfield>
    <subfield code="x">Impuestos a las ganancias o los beneficios (Impuesto Diferido)</subfield>
  </datafield>
  <datafield tag="245" ind1="1" ind2="0">
    <subfield code="a">Impuesto a las ganancias</subfield>
  </datafield>
  <datafield tag="020" ind1=" " ind2=" ">
    <subfield code="a">978-987-3840-49-4</subfield>
  </datafield>
  <datafield tag="250" ind1=" " ind2=" ">
    <subfield code="a">8a. ed.</subfield>
  </datafield>
  <datafield tag="264" ind1=" " ind2="1">
    <subfield code="a">C&#xF3;rdoba :</subfield>
    <subfield code="b">Asociaci&#xF3;n Cooperadora de la Facultad de Ciencias Econ&#xF3;micas de la Universidad Nacional de C&#xF3;rdoba.</subfield>
    <subfield code="c">2017</subfield>
  </datafield>
  <datafield tag="300" ind1=" " ind2=" ">
    <subfield code="a">xxviii, 785 p.</subfield>
    <subfield code="c">26 cm.</subfield>
  </datafield>
  <datafield tag="505" ind1=" " ind2=" ">
    <subfield code="a">1. Caracter&#xED;sticas y objeto del impuesto a las ganancias. Esquema de liquidaci&#xF3;n - 2. V&#xED;nculo jurisdiccional - 3. Sujetos. Deducciones personales. Exenciones - 4. Contabilidad fiscal. M&#xE9;todo de imputaci&#xF3;n quebrantos. Deducciones no admitidas - 5. Ganancias de la primera categor&#xED;a: renta del suelo - 6. Ganancias de la segunda categor&#xED;a renta de capitales - 7. Ganancias de la tercera categor&#xED;a: beneficios de las empresas y ciertos auxiliares de comercio determinaci&#xF3;n de las ganancias en la tercera categor&#xED;a - 8. Ganancias de la tercera categor&#xED;a: beneficios de las empresas y ciertos auxiliares de comercio valuaci&#xF3;n de inventarios - 9. Ganancias de la tercera categor&#xED;a: beneficios de las empresas y ciertos auxiliares de comercio deducibilidad de malos cr&#xE9;ditos - 10. Ganancias de la tercera categor&#xED;a: beneficios de las empresas y ciertos auxiliares de comercio sociedad de capital. Reorganizaci&#xF3;n y transferencia de empresas. Ajuste por inflaci&#xF3;n - 11. Ganancias de la cuarta categor&#xED;a renta del trabajo personal - 12. Reg&#xED;menes de retenci&#xF3;n y percepci&#xF3;n - 13. Rentas de fuente extranjera y precios de transferencia - 14. Impuesto a la ganancia m&#xED;nima presunta - 15. Impuesto a la transferencia de inmuebles de personas f&#xED;sicas y sucesiones indivisas</subfield>
  </datafield>
  <datafield tag="041" ind1=" " ind2=" ">
    <subfield code="a">spa</subfield>
  </datafield>
  <datafield tag="942" ind1=" " ind2=" ">
    <subfield code="c">BK</subfield>
  </datafield>
  <datafield tag="590" ind1=" " ind2=" ">
    <subfield code="a">niveau_biblio:m niveau_hierar:0</subfield>
  </datafield>
  <datafield tag="100" ind1="1" ind2=" ">
    <subfield code="a">Universidad Nacional de C&#xF3;rdoba. Facultad de Ciencias Econ&#xF3;micas</subfield>
  </datafield>
  <datafield tag="700" ind1="1" ind2=" ">
    <subfield code="a">Manassero, Carlos Jos&#xE9;</subfield>
  </datafield>
  <datafield tag="856" ind1="4" ind2="1">
    <subfield code="u">https://www.biblioeco.unsa.edu.ar/pmb/images/libros/L126877.jpg</subfield>
    <subfield code="y">Imagen de portada</subfield>
    <subfield code="q">image/jpeg</subfield>
  </datafield>
  <datafield tag="999" ind1=" " ind2=" ">
    <subfield code="c">3778</subfield>
    <subfield code="d">3778</subfield>
  </datafield>
  <datafield tag="952" ind1=" " ind2=" ">
    <subfield code="0">0</subfield>
    <subfield code="1">0</subfield>
    <subfield code="4">0</subfield>
    <subfield code="7">0</subfield>
    <subfield code="a">BCEJYS</subfield>
    <subfield code="b">BCEJYS</subfield>
    <subfield code="c">16</subfield>
    <subfield code="d">2026-04-07</subfield>
    <subfield code="l">0</subfield>
    <subfield code="o">336.226.1 M267 8ed.</subfield>
    <subfield code="p">L126877</subfield>
    <subfield code="r">2026-04-07 15:57:21</subfield>
    <subfield code="w">2026-04-07</subfield>
    <subfield code="y">L</subfield>
    <subfield code="z">CANTO MANCHADO </subfield>
  </datafield>
  <datafield tag="952" ind1=" " ind2=" ">
    <subfield code="0">0</subfield>
    <subfield code="1">0</subfield>
    <subfield code="4">0</subfield>
    <subfield code="7">0</subfield>
    <subfield code="a">BCEJYS</subfield>
    <subfield code="b">BCEJYS</subfield>
    <subfield code="c">16</subfield>
    <subfield code="d">2026-04-07</subfield>
    <subfield code="l">0</subfield>
    <subfield code="o">336.226.1 M267 8ed.</subfield>
    <subfield code="p">L127900</subfield>
    <subfield code="r">2026-04-07 15:57:21</subfield>
    <subfield code="w">2026-04-07</subfield>
    <subfield code="y">L</subfield>
    <subfield code="z">PARTIDO P&#xC1;G. 242 Y 262 - ESQUINA INFERIOR DOBLADA P&#xC1;G. 713 A 785 - CANTO UN POCO SUCIO - &#xDA;LTIMA HOJA UN POCO MANCHADA</subfield>
  </datafield>
  <datafield tag="952" ind1=" " ind2=" ">
    <subfield code="0">0</subfield>
    <subfield code="1">0</subfield>
    <subfield code="4">0</subfield>
    <subfield code="7">0</subfield>
    <subfield code="a">BCEJYS</subfield>
    <subfield code="b">BCEJYS</subfield>
    <subfield code="c">16</subfield>
    <subfield code="d">2026-04-07</subfield>
    <subfield code="l">0</subfield>
    <subfield code="o">336.226.1 M267 8ed.</subfield>
    <subfield code="p">L127901</subfield>
    <subfield code="r">2026-04-07 15:57:21</subfield>
    <subfield code="w">2026-04-07</subfield>
    <subfield code="y">L</subfield>
    <subfield code="z">PARTIDO P&#xC1;G. 411 Y 430 - CANTO UN POCO SUCIO</subfield>
  </datafield>
  <datafield tag="952" ind1=" " ind2=" ">
    <subfield code="0">0</subfield>
    <subfield code="1">0</subfield>
    <subfield code="4">0</subfield>
    <subfield code="7">0</subfield>
    <subfield code="a">BCEJYS</subfield>
    <subfield code="b">BCEJYS</subfield>
    <subfield code="c">16</subfield>
    <subfield code="d">2026-04-07</subfield>
    <subfield code="l">0</subfield>
    <subfield code="o">336.226.1 M267 8ed.</subfield>
    <subfield code="p">L127902</subfield>
    <subfield code="r">2026-04-07 15:57:21</subfield>
    <subfield code="w">2026-04-07</subfield>
    <subfield code="y">L</subfield>
    <subfield code="z">1RA HOJA C/ CORRECTOR - CANTO UN POCO SUCIO - CANTO DOBLADO P&#xC1;G 435 A 451</subfield>
  </datafield>
  <datafield tag="952" ind1=" " ind2=" ">
    <subfield code="0">0</subfield>
    <subfield code="1">0</subfield>
    <subfield code="4">0</subfield>
    <subfield code="7">0</subfield>
    <subfield code="a">BCEJYS</subfield>
    <subfield code="b">BCEJYS</subfield>
    <subfield code="c">16</subfield>
    <subfield code="d">2026-04-07</subfield>
    <subfield code="l">0</subfield>
    <subfield code="o">336.226.1 M267 8ed.</subfield>
    <subfield code="p">L128271</subfield>
    <subfield code="r">2026-04-07 15:57:21</subfield>
    <subfield code="w">2026-04-07</subfield>
    <subfield code="y">L</subfield>
  </datafield>
</record>
